Droit constitutionnel - Statistiques

Statistiques générales
  • Ce quiz a été pris 5 660 fois
  • Le résultat moyen est 8 sur 15
Statistiques - réponses
Question Réponse % Correct
Qu'est-ce que la QPC ? Question Prioritaire de Constitutionnalité
87%
Quel président a réduit la durée du mandat présidentiel ? Jacques Chirac
81%
Avec qui Charles de Gaulle a-t-il écrit la Constitution de 1958 ? Michel Debré
81%
La première cohabitation de la Ve République a eu lieu... sous Mitterrand
74%
Qu'est-ce que l'UMP ? Union pour un mouvement populaire
72%
Qui a succédé Mac Mahon à la suite de la crise du 16 mai 1877 ? Jules Grévy
69%
En quelle année Napoléon a-t-il été sacré empereur ? 1804
67%
De combien de députés est composée l'Assemblée nationale actuelle ? 577
64%
De quand date la dernière réforme de la Constitution de 1958 ? 23 juillet 2008
54%
Quand a été proclamée la IIIe République ? 3 septembre 1870
52%
Qui a repris la présidence suite au décès de Georges Pompidou en 1974 ? Alain Poher
39%
Quand a été promulguée la première Constitution ? 24 septembre 1791
28%
Qui a mis en place le coup d'état contre le Directoire ? Abbé Siéyès
24%
Quelle est la véritable spécificité de la Ve République ? le fait majoritaire
24%
Qu'est-ce que l'amendement Wallon de 1875 ? adoption de la formule de Président de la République
23%
Aucun quiz correspondant
Distribution des résultats
% des personnes avec chaque résultat
Percentile par nombre de réponses
Votre historique - résultats
Vous n’avez pas pris ce quiz